[Event "Open A"]
[Site "Oberwart AUT"]
[Date "2007.07.13"]
[Round "7"]
[White "Brkic,A"]
[Black "Kalod,R"]
[Result "1-0"]
[WhiteElo "2558"]
[BlackElo "2486"]

1.e4 e5 2.Nf3 Nc6 3.Bb5 a6 4.Ba4 Nf6 5.O-O Be7 6.Re1 b5 7.Bb3 d6 8.c3 O-O
9.h3 Nb8 10.d4 Nbd7 11.Nbd2 Bb7 12.Bc2 Re8 13.Nf1 Bf8 14.Ng3 g6 15.b3 c6
16.Bg5 Bg7 17.Qd2 Qe7 18.a4 Qf8 19.Be3 Rad8 20.axb5 cxb5 21.d5 Rc8 22.Reb1 Rc7
23.c4 Rec8 24.Bd3 Nc5 25.cxb5 axb5 26.Ra7 Qe7 27.Bxc5 Rxc5 28.b4 R5c7 29.Bxb5 Qd8
30.Rxb7 Rxb7 31.Ba6 Qb6 32.Bxb7 Qxb7 33.b5 Nd7 34.Qb4 Bf8 35.Nd2 Nb6 36.Ngf1 f5
37.Ne3 Kh8 38.Ndc4 Nxc4 39.Nxc4 fxe4 40.b6 e3 41.fxe3 Qxd5 42.b7 Rb8 43.Na5 Qd3
44.Nc6 Qxe3+ 45.Kh1 d5 46.Qb3  1-0

[Event "XXII Tadeusz Gniota Mem"]
[Site "Police POL"]
[Date "2007.07.16"]
[Round "6"]
[White "Ejsmont,K"]
[Black "Chojnacki,K"]
[Result "1-0"]
[WhiteElo "2367"]
[BlackElo "2372"]

1.e4 e5 2.Nf3 Nc6 3.Bb5 a6 4.Ba4 Nf6 5.O-O Be7 6.Re1 b5 7.Bb3 d6 8.c3 O-O
9.h3 Nb8 10.d4 Nbd7 11.Nbd2 Bb7 12.Bc2 Re8 13.a4 Bf8 14.Bd3 c6 15.Nf1 d5
16.Bg5 h6 17.Bxf6 Nxf6 18.exd5 e4 19.dxc6 Bxc6 20.Ne5 Qb6 21.Bc2 Rad8 22.Nxc6 Qxc6
23.axb5 axb5 24.Ng3 Bd6 25.Nh5 Nxh5 26.Qxh5 Bb8 27.Qg4 Qc7 28.Bxe4 b4 29.Qf3 Qh2+
30.Kf1 Re6 31.Ra8 Rf6 32.Qe3 bxc3 33.bxc3 Re8 34.Rb1 Rfe6 35.f3 Bf4 36.Rxe8+ Rxe8
37.Qg1 Qg3 38.Qf2 Qh2 39.Ra1 f5 40.Bxf5 Be3 41.Qa2+ Kf8 42.Qa3+ Kg8 43.Qb3+ Kh8
44.Qe6 Qg1+ 45.Ke2 Qxg2+ 46.Kd3 Qd2+ 47.Kc4 Rd8 48.Qg6 Rxd4+ 49.Kb3 Rb4+
50.Kxb4 Qb2+ 51.Kc4  1-0

[Event "Heart of Finland"]
[Site "Jyvaskyla FIN"]
[Date "2007.07.18"]
[Round "6"]
[White "Agopov,M"]
[Black "Solozhenkin,E"]
[Result "1/2-1/2"]
[WhiteElo "2436"]
[BlackElo "2492"]

1.e4 e5 2.Nf3 Nc6 3.Bb5 a6 4.Ba4 Nf6 5.O-O Be7 6.Re1 b5 7.Bb3 d6 8.c3 O-O
9.h3 Nb8 10.d4 Nbd7 11.Nbd2 Bb7 12.Bc2 Re8 13.Nf1 Bf8 14.Ng3 g6 15.a4 c5
16.d5 c4 17.Bg5 h6 18.Be3 Nc5 19.Qd2 h5 20.Bg5 Be7 21.Ra3 Nh7 22.Be3 Bf6
23.Rea1 Qe7 24.Qc1 Nf8 25.R1a2 Nfd7 26.Qa1 Rab8 27.axb5 axb5 28.Ra5 Bc8 29.Nf1 Qf8
30.Ra8 Rxa8 31.Rxa8 Nb6 32.Ra7 Bd7 33.N1d2 Rb8 34.Ng5 Qc8 35.h4 Nba4 36.Bxa4 Nxa4
37.Qa3 Be7 38.Qb4 Ra8 39.Rxa8 Qxa8 40.b3 cxb3 41.Qxb3 Qa5 42.Qb4 Qxb4 43.cxb4 Nb2
44.Bb6 f6 45.Ngf3 Nd3 46.Ba5 g5 47.Kf1 Kf7 48.g3 Bg4 49.hxg5 fxg5 50.Ne1 Nb2
51.Nc2 Na4 52.Ne3 Bd7 53.f3 g4 54.fxg4 hxg4 55.Ke2 Bg5 56.Ndf1 Nb2 57.Nh2 Bxe3
58.Kxe3 Ke7 59.Ke2 Be8 60.Nf1 Bg6 61.Nd2 Nc4 62.Nxc4 bxc4 63.Ke3 c3 64.b5 c2
65.Bd2 Kd7 66.Kd3 Kc7 67.Be3 Kb7 68.Bc1 Kb6 69.Ba3 Kxb5  1/2-1/2

[Event "MTO"]
[Site "Biel SUI"]
[Date "2007.07.27"]
[Round "5"]
[White "Duschek,V"]
[Black "Zoler,D"]
[Result "0-1"]
[WhiteElo "2256"]
[BlackElo "2465"]

1.e4 e5 2.Nf3 Nc6 3.Bb5 a6 4.Ba4 Nf6 5.O-O Be7 6.Re1 b5 7.Bb3 d6 8.c3 O-O
9.h3 Nb8 10.d4 Nbd7 11.Nbd2 Bb7 12.Bc2 Re8 13.Nf1 Bf8 14.Ng3 g6 15.b3 exd4
16.cxd4 c5 17.d5 Bg7 18.Rb1 Qc7 19.a4 Re7 20.Bf4 Rae8 21.axb5 axb5 22.Qd2 Ra8
23.Bh6 Bh8 24.Nf5 Ree8 25.Qf4 Ne5 26.Nxe5 Rxe5 27.Qh4 Nh5 28.Ne3 Bf6 29.Qg4 Ree8
30.Bd3 Bc3 31.Rec1 b4 32.Qf3 Qe7 33.Rc2 Qf6 34.Qg4 Bc8 35.Qe2 Nf4 36.Bxf4 Qxf4
37.Nc4 Ba6 38.g3 Qf6 39.Kg2 Bxc4 40.Bxc4 Qd4 41.Bd3 f5 42.f3 Re7 43.Rcc1 Kg7
44.Rd1 Qf6 45.Rbc1 Ra3 46.Bc2 Ra2 47.Rf1 f4 48.g4 Bd4 49.Kh2 Be3 50.Rb1 Qc3  0-1

[Event "12th WY U16 Ol"]
[Site "Singapore SIN"]
[Date "2007.08.07"]
[Round "4"]
[White "Mustafaev,K"]
[Black "Ashwath,R"]
[Result "1/2-1/2"]
[WhiteElo "2268"]
[BlackElo "2348"]

1.e4 e5 2.Nf3 Nc6 3.Bb5 a6 4.Ba4 Nf6 5.O-O Be7 6.Re1 b5 7.Bb3 d6 8.c3 O-O
9.h3 Nb8 10.d4 Nbd7 11.Nbd2 Bb7 12.Bc2 Re8 13.Nf1 Bf8 14.Ng3 g6 15.a4 Bg7
16.d5 Qb8 17.Qe2 c6 18.dxc6 Bxc6 19.Nd2 d5 20.axb5 axb5 21.Rxa8 Qxa8 22.Nb3 dxe4
23.Nxe4 Nxe4 24.Bxe4 Bxe4 25.Qxe4 Qxe4 26.Rxe4 f5 27.Re1 Nb6 28.Rd1 Nc4 29.Kf1 e4
30.Nd4 Rd8 31.Ke2 Bxd4 32.cxd4 Kf7 33.d5 Nb6 34.Be3 Nxd5 35.Bg5 Rd7 36.f3 Ke6
37.fxe4 fxe4 38.Ra1 Kf5 39.Bd2 Nf4+ 40.Bxf4 Kxf4 41.Ra5 Rd5 42.g4 Rd3 43.Rxb5 Rxh3
44.g5 Rh2+ 45.Kd1 e3 46.Rb8 Kxg5 47.b4 Rd2+ 48.Ke1 Rb2 49.b5 Kh4  1/2-1/2

[Event "UTwente YM"]
[Site "Hengelo NED"]
[Date "2007.08.08"]
[Round "5"]
[White "Bitalzadeh,A"]
[Black "Pruijssers,R"]
[Result "1/2-1/2"]
[WhiteElo "2390"]
[BlackElo "2427"]

1.e4 e5 2.Nf3 Nc6 3.Bb5 a6 4.Ba4 Nf6 5.O-O Be7 6.Re1 b5 7.Bb3 d6 8.c3 O-O
9.h3 Nb8 10.d4 Nbd7 11.Nbd2 Bb7 12.Bc2 Re8 13.b3 Bf8 14.a4 d5 15.dxe5 Nxe4
16.Nxe4 dxe4 17.Bxe4 Bxe4 18.Rxe4 Nxe5 19.Bf4 Nxf3+ 20.Qxf3 c6 21.Rxe8 Qxe8
22.axb5 axb5 23.Rxa8  1/2-1/2

[Event "Petrovskaya Ladya GM"]
[Site "Peterhof RUS"]
[Date "2007.08.13"]
[Round "1"]
[White "Zagrebelny,S"]
[Black "Khuseinkhodzhaev,M"]
[Result "1/2-1/2"]
[WhiteElo "2482"]
[BlackElo "2310"]

1.e4 e5 2.Nf3 Nc6 3.Bb5 a6 4.Ba4 Nf6 5.O-O Be7 6.Re1 b5 7.Bb3 d6 8.c3 O-O
9.h3 Nb8 10.d4 Nbd7 11.Nbd2 Bb7 12.Bc2 Re8 13.b3 Bf8 14.d5 c6 15.c4 Nh5 16.Nf1 g6
17.Bg5 Qc7 18.Rc1 bxc4 19.bxc4 Nc5 20.Qd2 cxd5 21.cxd5 Reb8 22.N3h2 Bc8 23.Bd1 Ng7
24.f4 Qb6 25.Kh1 Qb4 26.Qxb4 Rxb4 27.Bc2 exf4 28.Bxf4 f5 29.a3 Rc4 30.Nd2 Rc3
31.Re3 Rxe3 32.Bxe3 Nxe4 33.Nxe4 fxe4 34.Bxe4 Bf5 35.Ng4 Nh5 36.Bf3 Rb8 37.Nh6+ Bxh6
38.Bxh6 Rb1 39.Kg1 Nf6 40.Rxb1 Bxb1 41.Bf4 Ba2 42.Bxd6 Bxd5 43.Be2 Ne4 44.Bb4 Bb7
45.Bc4+ Kg7 46.Kf1 Kf6 47.Ke2 Ke5 48.Ke3 h5 49.Ba5 h4 50.Bc7+ Nd6 51.Bf1 g5
52.Kf2 Ke6 53.Bd8 Nf7 54.Bb6 Ne5 55.Be2 Kf5 56.Bd8 Bc8 57.Ke3 Bb7 58.Bf1 Bc8
59.a4 Bb7 60.Bc7 Nd7 61.Kd4 Ke6 62.Bd8 Kf5 63.Bd3+ Ke6 64.Bf1 Kf5 65.a5 Bc6
66.Bd3+ Ke6 67.Bf1 Kf5 68.Bxa6 Bxg2 69.Bd3+ Ke6 70.a6 Nb8 71.Bxg5 Bxh3 72.Bxh4 Nxa6  1/2-1/2

[Event "Romanian Open"]
[Site "Predeal ROM"]
[Date "2007.08.13"]
[Round "3"]
[White "Soltanici,R"]
[Black "Zoler,D"]
[Result "1-0"]
[WhiteElo "2358"]
[BlackElo "2465"]

1.e4 e5 2.Nf3 Nc6 3.Bb5 a6 4.Ba4 Nf6 5.O-O Be7 6.Re1 b5 7.Bb3 d6 8.c3 O-O
9.h3 Nb8 10.d4 Nbd7 11.Nbd2 Bb7 12.Bc2 Re8 13.Nf1 Bf8 14.Ng3 g6 15.b3 exd4
16.cxd4 c5 17.d5 Bg7 18.Bf4 Qc7 19.Qd2 a5 20.Bh6 Bh8 21.a4 bxa4 22.bxa4 c4
23.Nd4 Ba6 24.Nc6 Nc5 25.Qf4 Nfd7 26.Nf5 Ne5 27.Rad1 Nxc6 28.dxc6 Be5 29.Qg4 Bc8
30.f4 Bc3 31.Re2 Bh8 32.Qf3 Bxf5 33.exf5 Nd3 34.Rxe8+ Rxe8 35.Bxd3 cxd3 36.Rxd3 Bf6
37.Qd5 Qb6+ 38.Kh2 Re1 39.c7 Qxc7 40.Qxd6 Qxd6 41.Rxd6 Be7 42.Ra6 f6 43.Rxa5 gxf5
44.h4 Kf7 45.h5 Ra1 46.Ra7 Ke6 47.Ra6+ Kf7 48.Ra7 Ke6 49.a5 Bc5 50.Rxh7 Bg1+
51.Kh3 Ra3+ 52.g3 Ra2 53.g4 fxg4+ 54.Kxg4 f5+ 55.Kf3 Rxa5 56.Bg5 Bd4 57.Re7+ Kd6
58.h6 Ra3+ 59.Kg2 Ra2+ 60.Kh3 Ra1 61.Re8 Bc3 62.Kg2 Ra2+ 63.Kg3 Ra1 64.h7 Rh1
65.Bh4 Rg1+ 66.Kh2 Rg4 67.h8=Q Bxh8 68.Rxh8 Kd5 69.Bg3 Ke4 70.Kg2  1-0

[Event "RC Sport Open"]
[Site "Ceska Trebova CZE"]
[Date "2007.08.14"]
[Round "6"]
[White "Krejci,Jan2"]
[Black "Pagerka,M"]
[Result "1-0"]
[WhiteElo "2315"]
[BlackElo "2094"]

1.e4 e5 2.Nf3 Nc6 3.Bb5 a6 4.Ba4 Nf6 5.O-O Be7 6.Re1 b5 7.Bb3 d6 8.c3 O-O
9.h3 Nb8 10.d4 Nbd7 11.Nbd2 Bb7 12.a4 c5 13.d5 c4 14.Bc2 Nc5 15.Nf1 Nfd7
16.Ng3 g6 17.Nh2 Bg5 18.Rf1 h5 19.Nf3 Bf6 20.Bh6 Bg7 21.Qd2 Nf6 22.Bxg7 Kxg7
23.Qg5 Kh7 24.Qe3 Qb6 25.Kh1 Ncd7 26.Qd2 Kg7 27.Qg5 Kh7 28.Nh4 Rg8 29.f4 Qd8
30.fxe5 dxe5 31.Rf3 Qf8 32.Rxf6 Nxf6 33.Qxf6 Qg7 34.Qf2 f6 35.Rf1 Rgf8 36.Nf3 Qc7
37.Nd2 Rac8 38.Qf3 Kg7 39.Nb1 Qc5 40.Na3 b4 41.cxb4 Qxb4 42.Qc3 Qc5 43.Bd1 Rc7
44.Kh2 h4 45.Ne2 Re8 46.Ng1 Qd4 47.Bc2 f5 48.Nf3 Qxc3 49.bxc3 Rc5 50.Rb1 Ba8
51.Ng5 Rcc8 52.Rb6 fxe4 53.Bxe4 Rb8 54.Rxg6+ Kf8 55.Nxc4 Rec8 56.Nxe5  1-0

[Event "17th Chess Festival"]
[Site "Abu Dhabi UAE"]
[Date "2007.08.19"]
[Round "8"]
[White "Hossain,Enam"]
[Black "Amin,B"]
[Result "0-1"]
[WhiteElo "2485"]
[BlackElo "2535"]

1.e4 e5 2.Nf3 Nc6 3.Bb5 a6 4.Ba4 Nf6 5.O-O Be7 6.Re1 b5 7.Bb3 d6 8.c3 O-O
9.h3 Nb8 10.d4 Nbd7 11.Nbd2 Bb7 12.Bc2 Re8 13.a4 Bf8 14.Bd3 d5 15.axb5 exd4
16.e5 dxc3 17.Nb3 Ne4 18.bxa6 Bc8 19.Bb5 Nb6 20.Bxe8 Qxe8 21.a7 Bb4 22.bxc3 Bxc3
23.Be3 Bxa1 24.Bxb6 Bc3 25.Re3 Qb5 26.Bd4 Bb4 27.Ba1 Be6 28.Nfd4 Qb6 29.f3 Nc5
30.Kh1 Nxb3 31.Rxb3 c5 32.Nc2 d4 33.Rb1 Bf5 34.Rxb4 cxb4 35.Nxd4 Bd7 36.Bb2 Rxa7
37.f4 Qc5 38.Nf3 Qc4 39.e6 fxe6 40.Be5 h6 41.Qd6 Rb7 42.Nd4 Qd5 43.Qa6 b3
44.Qf1 Bc6 45.Nf3 Qe4  0-1

[Event "Dato Arthur Tan Malaysian Op"]
[Site "Kuala Lumpur MAS"]
[Date "2007.08.22"]
[Round "5"]
[White "Tirto"]
[Black "Inoue,S"]
[Result "1-0"]
[WhiteElo "2418"]
[BlackElo "2031"]

1.e4 e5 2.Nf3 Nc6 3.Bb5 a6 4.Ba4 Nf6 5.O-O Be7 6.Re1 b5 7.Bb3 d6 8.c3 O-O
9.h3 Nb8 10.d4 Nbd7 11.Nbd2 Bb7 12.Bc2 Re8 13.Nf1 Bf8 14.Ng3 g6 15.Bg5 h6
16.Bd2 c5 17.d5 c4 18.b4 cxb3 19.axb3 Qc7 20.Qc1 h5 21.Qa3 Rec8 22.Bd3 Nc5
23.Bf1 Qb6 24.c4 bxc4 25.Bxc4 Rcb8 26.Be3 Qc7 27.Bd2 Bc8 28.Ba5 Qe7 29.b4 h4
30.Nxh4 Ncxe4 31.Nxe4 Nxe4 32.Rxe4 f5 33.Nxg6 Qg5 34.Nxf8 fxe4 35.Ne6 Qg6
36.Bc7 Rb7 37.Bxd6 Bxe6 38.dxe6 Rg7 39.Qg3  1-0

[Event "1st Serbian League Men"]
[Site "Zlatibor SRB"]
[Date "2007.08.24"]
[Round "4"]
[White "Martic,I"]
[Black "Popov,Si1"]
[Result "0-1"]
[WhiteElo "2311"]
[BlackElo "2481"]

1.e4 e5 2.Nf3 Nc6 3.Bb5 a6 4.Ba4 Nf6 5.O-O Be7 6.Re1 b5 7.Bb3 O-O 8.h3 d6
9.c3 Nb8 10.d4 Nbd7 11.Nbd2 Bb7 12.Bc2 Re8 13.Nf1 Bf8 14.Ng3 g6 15.Bg5 Bg7
16.Qd2 Qe7 17.Nh2 Qf8 18.Ng4 Nxg4 19.hxg4 exd4 20.cxd4 c5 21.dxc5 Nxc5 22.Rab1 h6
23.Bf4 Rad8 24.Rbd1 d5 25.exd5 Rxd5 26.Qc1 Ne6 27.Be3 Rxd1 28.Rxd1 Rc8 29.Qb1 Rd8
30.Qc1 Nd4 31.Bb1 Qd6 32.Re1 Re8 33.Bd2 Rc8 34.Qd1 Rd8 35.Be4 Bc8 36.Ba5 Re8
37.Bd5 Rxe1+ 38.Qxe1 Qxd5 39.Qe8+ Kh7 40.Qxc8 Qxa2 41.Bc3 b4 42.Bxb4 Qb1+
43.Kh2 Qxb2 44.Be1 Qa2 45.Qc7 Qe6 46.Bc3 Nb5  0-1

[Event "zt 3.2"]
[Site "Dhaka BAN"]
[Date "2007.08.27"]
[Round "7"]
[White "Gopal,G"]
[Black "Hossain,Enam"]
[Result "1/2-1/2"]
[WhiteElo "2480"]
[BlackElo "2485"]

1.e4 e5 2.Nf3 Nc6 3.Bb5 a6 4.Ba4 Nf6 5.O-O Be7 6.Re1 b5 7.Bb3 d6 8.c3 O-O
9.h3 Nb8 10.d4 Nbd7 11.Nbd2 Bb7 12.Bc2 Re8 13.Nf1 Bf8 14.Ng3 g6 15.a4 Bg7
16.Bd3 c6 17.Bg5 Nf8 18.Qd2 Ne6 19.Be3 Qc7 20.Rad1 Nd7 21.Qc2 Rac8 22.Bf1 Re7
23.Qd2 Nb6 24.dxe5 dxe5 25.a5 Na4 26.Qc2 Ree8 27.b3 Nac5 28.Rd2 Rcd8 29.Red1 h6
30.b4 Na4 31.c4 Qe7 32.c5 h5 33.Ne2 Rxd2 34.Rxd2 Rd8 35.Nc3 Rxd2 36.Qxd2 Nxc3
37.Qxc3 Qd8 38.Qd2 Nd4 39.Bxd4 exd4 40.e5 Qd5 41.Bd3 Bc8 42.Qf4 Bd7 43.Qe4 Qb3
44.Qxd4 Qd1+ 45.Kh2 Bf5 46.Bxf5 Qxd4 47.Nxd4 Bxe5+ 48.Kg1  1/2-1/2

[Event "3rd Geller mem Open A"]
[Site "Odessa UKR"]
[Date "2007.09.12"]
[Round "5"]
[White "Zinchenko,Ya"]
[Black "Tarlev,K"]
[Result "1/2-1/2"]
[WhiteElo "2497"]
[BlackElo "2472"]

1.e4 e5 2.Nf3 Nc6 3.Bb5 a6 4.Ba4 Nf6 5.O-O Be7 6.Re1 b5 7.Bb3 d6 8.c3 O-O
9.h3 Nb8 10.d4 Nbd7 11.Nbd2 Bb7 12.Bc2 Re8 13.a4 Bf8 14.Bd3 c6 15.b4 Nb6
16.axb5 axb5 17.Rxa8 Qxa8 18.Nb3 h6 19.dxe5 dxe5 20.Qc2 Bc8 21.Be3 Qb8 22.Ra1 Na4
23.Bd2 Bd7 24.c4 c5 25.cxb5 Bxb5  1/2-1/2

[Event "3rd Geller mem Open A"]
[Site "Odessa UKR"]
[Date "2007.09.15"]
[Round "8"]
[White "Aganesova,E"]
[Black "Goroshkova,L"]
[Result "1-0"]
[WhiteElo "1972"]
[BlackElo "1984"]

1.e4 e5 2.Nf3 Nc6 3.Bb5 a6 4.Ba4 Nf6 5.O-O Be7 6.Re1 b5 7.Bb3 d6 8.c3 O-O
9.h3 Nb8 10.d4 Nbd7 11.Nbd2 Bb7 12.Bc2 Re8 13.Nf1 Bf8 14.Ng3 g6 15.b3 c5
16.d5 Rc8 17.a4 bxa4 18.Rxa4 Ra8 19.Nh2 Bc8 20.Bd2 Rb8 21.Ra2 Bg7 22.Nhf1 Qc7
23.Ne3 Rf8 24.Bd3 Nb6 25.Qe2 Nbd7 26.b4 Ra8 27.Rea1 h5 28.h4 Nb8 29.b5 Ng4
30.Nxg4 Bxg4 31.f3 Bc8 32.Nf1 c4 33.Bxc4 a5 34.Bd3 Nd7 35.c4 Qb6+ 36.Ne3 f5
37.Kh1 f4 38.Nd1 Qd8 39.Be1 Nc5 40.Bc2 Nb7 41.Nb2 Bf6 42.Qf2 g5 43.hxg5 Bxg5
44.Kg1 Kf7 45.Kf1 h4 46.Na4 h3 47.gxh3 Rh8 48.Ke2 Bxh3 49.Bd1 Qc7 50.Rc2 Rag8
51.Qb6 Qe7 52.c5 Nxc5 53.Nxc5 dxc5 54.Rxa5 Bf1+ 55.Kxf1 Rh1+ 56.Ke2 Bh4 57.Bxh4 Rxh4
58.Ra7  1-0

[Event "17th Senior WCh"]
[Site "Gmunden AUT"]
[Date "2007.09.25"]
[Round "8"]
[White "Klovans,J"]
[Black "Butnorius,A"]
[Result "0-1"]
[WhiteElo "2446"]
[BlackElo "2394"]

1.e4 e5 2.Nf3 Nc6 3.Bb5 a6 4.Ba4 Nf6 5.O-O Be7 6.Re1 b5 7.Bb3 d6 8.c3 O-O
9.h3 Nb8 10.d4 Nbd7 11.Nbd2 Bb7 12.Bc2 Re8 13.Nf1 Bf8 14.Ng3 g6 15.Bg5 h6
16.Bd2 Bg7 17.a4 c5 18.d5 c4 19.b4 cxb3 20.Bxb3 Nc5 21.c4 Qd7 22.cxb5 axb5
23.a5 Ba6 24.Bb4 Rac8 25.Bc2 Rc7 26.Bd3 h5 27.Qe2 Bh6 28.Rab1 Rec8 29.Nf1 Kg7
30.N1d2 Bf4 31.Bxc5 Rxc5 32.Nb3 Rc3 33.Nbd2 Qa7 34.Bxb5 Bxb5 35.Qxb5 Rc2
36.Red1 R8c5 37.Qb6 Rxa5 38.Qxa7 Rxa7 39.g3 Bh6 40.Kf1 Raa2 41.Ke1 Bxd2+
42.Nxd2 Nxe4 43.Nxe4 Re2+ 44.Kf1 Rxe4 45.Rd3 Ree2 46.Rf3 Reb2 47.Rc1 e4 48.Rf4 f5  0-1

[Event "17th Senior WCh"]
[Site "Gmunden AUT"]
[Date "2007.09.28"]
[Round "11"]
[White "Jansa,Vl"]
[Black "Butnorius,A"]
[Result "1/2-1/2"]
[WhiteElo "2494"]
[BlackElo "2394"]

1.e4 e5 2.Nf3 Nc6 3.Bb5 a6 4.Ba4 Nf6 5.O-O Be7 6.Re1 b5 7.Bb3 d6 8.c3 O-O
9.h3 Nb8 10.d4 Nbd7 11.c4 Bb7 12.Nc3 c6 13.a3 Qc7 14.Ba2 Rae8 15.dxe5 Nxe5
16.Nxe5 dxe5 17.Qc2 b4 18.axb4 Bxb4 19.Bd2 a5 20.Na4 Bxd2 21.Qxd2 Rd8 22.Qc3 c5
23.f3 Rd4 24.Qa3 Nd7 25.Nc3 Bc6 26.Re2 Rb8 27.Rc1  1/2-1/2

[Event "WYb18"]
[Site "Kemer TUR"]
[Date "2007.11.22"]
[Round "5"]
[White "Tologontegin,S"]
[Black "Pena,Alf"]
[Result "1/2-1/2"]
[WhiteElo "2320"]
[BlackElo "2249"]

1.e4 e5 2.Nf3 Nc6 3.Bb5 a6 4.Ba4 Nf6 5.O-O Be7 6.Re1 b5 7.Bb3 d6 8.c3 O-O
9.h3 Nb8 10.d4 Nbd7 11.Nbd2 Bb7 12.Bc2 Re8 13.Nf1 Bf8 14.Ng3 g6 15.a4 Bg7
16.d5 Qe7 17.b3 c6 18.c4 b4 19.dxc6 Bxc6 20.Bg5 a5 21.Qd2 Nc5 22.Bh6 Bxh6
23.Qxh6 Nfd7 24.Rad1 Nf8  1/2-1/2

[Event "20th Belgrade Trophy"]
[Site "Belgrade SRB"]
[Date "2007.11.24"]
[Round "3"]
[White "Kerecki,L"]
[Black "Pancevski,F"]
[Result "1-0"]
[WhiteElo "2159"]
[BlackElo "2340"]

1.e4 e5 2.Nf3 Nc6 3.Bb5 a6 4.Ba4 Nf6 5.O-O Be7 6.Re1 b5 7.Bb3 d6 8.c3 O-O
9.h3 Nb8 10.d4 Nbd7 11.Nbd2 Bb7 12.a4 exd4 13.cxd4 c5 14.e5 dxe5 15.dxe5 Nd5
16.Ne4 c4 17.Bc2 Nb4 18.Neg5 h6 19.e6 hxg5 20.exd7 Nxc2 21.Qxc2 Bxf3 22.gxf3 Qxd7
23.axb5 axb5 24.Rxa8 Rxa8 25.Qe4 Ra1 26.Bd2 Rxe1+ 27.Bxe1 Qe6 28.Qa8+ Kh7
29.Bc3 Bc5 30.Qb8 Qe2 31.Qg3 b4 32.Bxg7 Bxf2+ 33.Qxf2 Qxf2+ 34.Kxf2 Kxg7
35.Ke3 Kf6 36.Kd4 c3 37.bxc3 bxc3 38.Kxc3 Ke5 39.Kd3 Kf4 40.Ke2 Kg3 41.Ke3 f5
42.Ke2 f4 43.h4 gxh4 44.Kf1 Kxf3 45.Kg1 Ke2 46.Kh2 f3 47.Kh3 f2  1-0

[Event "WYb14"]
[Site "Kemer TUR"]
[Date "2007.11.26"]
[Round "9"]
[White "Bures,J"]
[Black "Straka,Jo"]
[Result "1-0"]
[WhiteElo "2156"]
[BlackElo "2039"]

1.e4 e5 2.Nf3 Nc6 3.Bb5 a6 4.Ba4 Nf6 5.O-O Be7 6.Re1 b5 7.Bb3 d6 8.c3 O-O
9.h3 Nb8 10.d4 Nbd7 11.Nbd2 Bb7 12.Bc2 Re8 13.Nf1 Bf8 14.Ng3 g6 15.a4 c6
16.Bg5 Bg7 17.Qd2 Nf8 18.Nh2 Ne6 19.Be3 Qc7 20.Nf3 Nd7 21.Red1 Rad8 22.d5 cxd5
23.exd5 Nef8 24.axb5 axb5 25.Qe2 f5 26.Ba7 e4 27.Nd4 Nf6 28.Nxb5 Qe7 29.Be3 Ra8
30.Rxa8 Rxa8 31.c4 h5 32.Qd2 Ne8 33.b4 Nc7 34.Nxc7 Qxc7 35.c5 Ba6 36.Bf4 Be5
37.Bxe5 dxe5 38.d6 Qg7 39.Qd5+  1-0

[Event "Four Nations Jr Teams"]
[Site "Oslo NOR"]
[Date "2007.12.01"]
[Round "2"]
[White "Grandelius,N"]
[Black "Glud,J"]
[Result "1/2-1/2"]
[WhiteElo "2377"]
[BlackElo "2448"]

1.e4 e5 2.Nf3 Nc6 3.Bb5 a6 4.Ba4 Nf6 5.O-O Be7 6.Re1 b5 7.Bb3 d6 8.c3 O-O
9.h3 Nb8 10.d4 Nbd7 11.Nbd2 Bb7 12.Bc2 c5 13.Nf1 Re8 14.Ng3 cxd4 15.cxd4 exd4
16.Bf4 Bf8 17.Qxd4 Rc8 18.Bb3 Nc5 19.Bg5 Ne6 20.Qd2 h6 21.Bxf6 Qxf6 22.Rac1 Nf4
23.Rxc8 Bxc8 24.Nf5 g5 25.N3d4 d5 26.g3 Nxh3+ 27.Kh2 Rxe4 28.Rxe4 dxe4 29.g4 Nf4
30.Qc3 Bd7 31.Qc7 Bxf5 32.Nxf5 h5 33.Ng3 hxg4 34.Nxe4 Qh6+ 35.Kg1 Ne2+ 36.Kf1 Qh1+
37.Kxe2 Qxe4+ 38.Kf1 Qf5 39.Qc2 Qf6 40.Qc3 Qf4 41.Bc2 Bb4 42.Qc8+ Kg7 43.Qf5 Bd6
44.Qxf4 Bxf4 45.Bf5 g3 46.f3 Kf6 47.Bc8 a5 48.Ba6 b4 49.a3 Bc1 50.axb4 axb4
51.b3 Ke5 52.Kg2 Kf4 53.Bc4 f6 54.Bd5 Be3 55.Be4 Bf2 56.Bb7  1/2-1/2

[Event "Parsvnath ch-Commonwealth"]
[Site "New Delhi IND"]
[Date "2007.12.03"]
[Round "1"]
[White "Hapuarachchi,H"]
[Black "Sangma,R"]
[Result "0-1"]
[WhiteElo "1922"]
[BlackElo "2318"]

1.e4 e5 2.Nf3 Nc6 3.Bb5 a6 4.Ba4 Nf6 5.O-O Be7 6.Re1 b5 7.Bb3 d6 8.c3 O-O
9.h3 Nb8 10.d4 Nbd7 11.Nbd2 Bb7 12.a4 c5 13.d5 c4 14.Bc2 Nc5 15.Nf1 Ne8 16.Ng3 g6
17.Nh2 Ng7 18.Bh6 Bg5 19.Bxg5 Qxg5 20.Qg4 Qxg4 21.Nxg4 Ne8 22.axb5 axb5 23.Rxa8 Bxa8
24.Ra1 Bb7 25.f3 Kg7 26.Kf2 Nc7 27.Ne3 h5 28.h4 f6 29.Ke1 Ba6 30.Kd2 Rb8
31.Ne2 Kf7 32.Rb1 Ke7 33.b3 cxb3 34.Bxb3 b4 35.cxb4 Rxb4 36.Bc2 Rxb1 37.Bxb1 Bxe2
38.Kxe2 Nb5 39.Bc2 Nd4+ 40.Kd2 g5 41.hxg5 fxg5 42.Nf5+ Nxf5 43.exf5 h4 44.Kc3 Nd7
45.Kb4 Nf6 46.Kc4 Nh5 47.Kb5 Nf4 48.Kc6 Nxg2 49.f6+ Kxf6 50.Kxd6 Nf4 51.Kc6 h3
52.d6 h2 53.d7 Ne6 54.Bb3 Nd8+ 55.Kc7 Ke7  0-1

[Event "Parsvnath ch-Commonwealth"]
[Site "New Delhi IND"]
[Date "2007.12.03"]
[Round "2"]
[White "Venkatesh,M"]
[Black "Shyam,SM"]
[Result "1/2-1/2"]
[WhiteElo "2451"]
[BlackElo "2241"]

1.e4 e5 2.Nf3 Nc6 3.Bb5 a6 4.Ba4 Nf6 5.O-O Be7 6.Re1 b5 7.Bb3 d6 8.c3 O-O
9.h3 Nb8 10.d4 Nbd7 11.Nbd2 Bb7 12.Bc2 Re8 13.Nf1 Bf8 14.Ng3 g6 15.b3 d5
16.Bg5 h6 17.dxe5 hxg5 18.exf6 Qxf6 19.Qd2 Bg7 20.exd5 Qxc3 21.Rxe8+ Rxe8
22.Qxc3 Bxc3 23.Rd1  1/2-1/2

[Event "Parsvnath ch-Commonwealth"]
[Site "New Delhi IND"]
[Date "2007.12.03"]
[Round "2"]
[White "Mehar,C"]
[Black "Sriram,J"]
[Result "1/2-1/2"]
[WhiteElo "2246"]
[BlackElo "2458"]

1.e4 e5 2.Nf3 Nc6 3.Bb5 a6 4.Ba4 Nf6 5.O-O Be7 6.Re1 b5 7.Bb3 d6 8.c3 O-O
9.h3 Nb8 10.d4 Nbd7 11.Nbd2 Bb7 12.Bc2 Re8 13.Nf1 Bf8 14.Ng3 g6 15.a4 Bg7
16.Bg5 h6 17.Bd2 c5 18.d5 c4 19.Be3 Nc5 20.Qd2 Kh7 21.Nh2 Nfd7 22.Rf1 Qe7  1/2-1/2

[Event "Parsvnath ch-Commonwealth"]
[Site "New Delhi IND"]
[Date "2007.12.08"]
[Round "8"]
[White "Negi,D"]
[Black "Shyam,SM"]
[Result "0-1"]
[WhiteElo "2056"]
[BlackElo "2241"]

1.e4 e5 2.Nf3 Nc6 3.Bb5 a6 4.Ba4 Nf6 5.O-O Be7 6.Re1 b5 7.Bb3 d6 8.c3 O-O
9.h3 Nb8 10.d4 Nbd7 11.Nbd2 Bb7 12.Bc2 Re8 13.Nf1 Bf8 14.Bg5 h6 15.dxe5 dxe5
16.Bh4 Nc5 17.Qxd8 Raxd8 18.Bxf6 gxf6 19.Ng3 Nd3 20.Bxd3 Rxd3 21.Rad1 Red8
22.Rxd3 Rxd3 23.Kf1 Bc5 24.Ke2 Rd8 25.Nh4 Bc8 26.f3 Be6 27.b3 a5 28.Nh5 a4
29.Nxf6+ Kf8 30.Nd5 axb3 31.axb3 Ra8 32.Rd1 c6 33.Nc7 Ra2+ 34.Rd2 Bxb3 35.Rxa2 Bxa2
36.Nf5 Bc4+ 37.Kd2 b4 38.cxb4 Bxb4+ 39.Kc2 Ba5 40.Ne3 Be2 41.Na8 Ba6 42.Nf5 Bb7
43.Nxh6 Bxa8  0-1

[Event "Parsvnath ch-Commonwealth"]
[Site "New Delhi IND"]
[Date "2007.12.09"]
[Round "9"]
[White "Prathamesh,S"]
[Black "Singh,Ri"]
[Result "1-0"]
[WhiteElo "2371"]
[BlackElo "2246"]

1.e4 e5 2.Nf3 Nc6 3.Bb5 a6 4.Ba4 Nf6 5.O-O Be7 6.Re1 b5 7.Bb3 d6 8.c3 O-O
9.h3 Nb8 10.d4 Nbd7 11.Nbd2 Bb7 12.Bc2 Re8 13.Nf1 Bf8 14.Ng3 g6 15.b3 Bg7
16.a4 c5 17.d5 Qc7 18.Be3 Nb6 19.Qe2 bxa4 20.bxa4 a5 21.Bd3 Nbxd5 22.exd5 e4
23.Bc4 exf3 24.Qxf3 Nd7 25.Bf4 Ne5 26.Qe2 h6 27.Bb5 Rf8 28.Ne4 f6 29.Rad1 Bc8
30.Bh2 Bf5 31.f4 Nf7 32.Ng3 Bc8 33.f5 gxf5 34.Bd3 f4 35.Nf5 Ne5 36.Bxf4 Bxf5
37.Bxf5 Kh8 38.Qh5 Qf7 39.Qh4 Ng6 40.Bxg6 Qxg6 41.Bxd6 Rfe8 42.Bxc5 Rxe1+
43.Rxe1 Qc2 44.Bd4 Qxa4 45.Re7 Qd1+ 46.Kh2 Qf1 47.d6 Qf5 48.d7 Qg6 49.Qg3  1-0

[Event "7th Amplico AIG Life"]
[Site "Warsaw POL"]
[Date "2007.12.15"]
[Round "3"]
[White "Berzina,I"]
[Black "Bindrich,F"]
[Result "0-1"]
[WhiteElo "2281"]
[BlackElo "2512"]

1.e4 e5 2.Nf3 Nc6 3.Bb5 a6 4.Ba4 Nf6 5.O-O Be7 6.Re1 b5 7.Bb3 d6 8.c3 O-O
9.h3 Nb8 10.d4 Nbd7 11.Nbd2 Bb7 12.Bc2 Re8 13.Nf1 Bf8 14.Ng3 g6 15.a4 c5
16.d5 c4 17.Bg5 h6 18.Be3 Nc5 19.Nh2 h5 20.Bg5 Be7 21.f4 h4 22.Ngf1 exf4
23.Bxf4 bxa4 24.Nf3 Qb6 25.Be3 Rab8 26.Bxa4 Rf8 27.N1d2 Qxb2 28.Nxc4 Qxc3
29.Rc1 Qb4 30.Bxc5 Qxc5+ 31.Kh2 Nh5 32.Re2 Qa7 33.Na5 Ng3 34.Rec2 Bd8 35.Nc6 Bxc6
36.dxc6 Qc7 37.Qd2 Nxe4 38.Qf4 Rb4 39.Bb3 Rxb3 40.Qxe4 d5+ 41.Qe5 Rxf3  0-1

[Event "TCh-ISR"]
[Site "Israel ISR"]
[Date "2008.01.04"]
[Round "2"]
[White "Zaslavsky,M"]
[Black "Lev,R"]
[Result "1/2-1/2"]
[WhiteElo "2326"]
[BlackElo "2427"]

1.e4 e5 2.Nf3 Nc6 3.Bb5 a6 4.Ba4 Nf6 5.O-O Be7 6.Re1 b5 7.Bb3 d6 8.c3 O-O
9.h3 Nb8 10.d4 Nbd7 11.Nbd2 Bb7 12.a4 c5 13.Bc2 Re8 14.b3 cxd4 15.cxd4 exd4
16.axb5 axb5 17.Rxa8 Bxa8 18.Nxd4 Qb6 19.Bb2 Bf8 20.Qe2 b4 21.Qb5 Qc5 22.Qxc5 Nxc5
23.f3 d5 24.e5 Nh5 25.Ne2 g6 26.f4 Rc8 27.Bb1 Ne6 28.f5 gxf5 29.Bxf5 Bh6
30.Nf3 Be3+ 31.Kh2 Nhg7 32.Bb1 Bb7 33.Ned4 Bf4+ 34.g3 Bh6 35.h4 Nxd4 36.Bxd4 Ne6
37.Bb2 Nc5 38.Nd4 Ne4 39.Nf5 Bf8 40.Rc1 Nd2 41.Rxc8 Bxc8 42.Bc2 Nf1+ 43.Kg1 Bxf5
44.Bxf5 Nxg3 45.Bd7 Ne2+ 46.Kf2 Nf4 47.Ke3 Ne6 48.Bc6 Bc5+ 49.Kf3 Bd4 50.Bc1 Bxe5
51.Bxd5 Bc3 52.Bh6 Bf6 53.Kg4 Be7 54.Bc4 Bf8 55.Bc1 Be7 56.Bh6  1/2-1/2

[Event "Paul Keres Mem GMB"]
[Site "Tallinn EST"]
[Date "2008.01.12"]
[Round "9"]
[White "Korchagina,V"]
[Black "Piarnpuu,L"]
[Result "1/2-1/2"]
[WhiteElo "2182"]
[BlackElo "2137"]

1.e4 e5 2.Nf3 Nc6 3.Bb5 a6 4.Ba4 Nf6 5.O-O Be7 6.Re1 b5 7.Bb3 d6 8.c3 O-O
9.h3 Nb8 10.d4 Nbd7 11.Nbd2 Bb7 12.Bc2 Re8 13.Nf1 Bf8 14.Ng3 g6 15.a4 Bg7
16.Qe2 c6 17.Bg5 h6 18.Be3 Qc7 19.Nh2 exd4 20.cxd4 c5 21.dxc5 Nxc5 22.axb5 axb5
23.Rxa8 Rxa8 24.b4 Ncxe4 25.Bxe4 Nxe4 26.Nxe4 Bxe4 27.Qxb5 Rb8  1/2-1/2